الفيزياء / (رقم التسجيلة. 102082)
[ عرض عادي ]
| 000 -LEADER | |
|---|---|
| fixed length control field | 00903nam a22002777a 4500 |
| 005 - DATE AND TIME OF LATEST TRANSACTION | |
| control field | 20251108173346.0 |
| 008 - FIXED-LENGTH DATA ELEMENTS--GENERAL INFORMATION | |
| fixed length control field | 250721s1998 xx 000 0 ara d |
| 082 14 - DEWEY DECIMAL CLASSIFICATION NUMBER | |
| Classification number | م/ط/530/خطي |
| 100 1# - MAIN ENTRY--PERSONAL NAME | |
| Personal name | الخطيب، أحمد شفيق |
| 245 10 - TITLE STATEMENT | |
| Title | الفيزياء / |
| 264 1# - PRODUCTION, PUBLICATION, DISTRIBUTION, MANUFACTURE, AND COPYRIGHT NOTICE | |
| Place of production, publication, distribution, manufacture | بيروت : |
| Name of producer, publisher, distributor, manufacturer | مكتبة لبنان ناشرون، |
| Date of production, publication, distribution, manufacture, or copyright notice | 1998. |
| 300 ## - PHYSICAL DESCRIPTION | |
| Extent | 64 ص. : مص. |
| 490 0# - SERIES STATEMENT | |
| Series statement | كتب الفراشة : موسوعة المشاهدة العيانية في أجزاء |
| 650 17 - SUBJECT ADDED ENTRY--TOPICAL TERM | |
| Topical term or geographic name as entry element | الفيزياء |
| 650 17 - SUBJECT ADDED ENTRY--TOPICAL TERM | |
| Topical term or geographic name as entry element | الاختبارات |
| 650 17 - SUBJECT ADDED ENTRY--TOPICAL TERM | |
| Topical term or geographic name as entry element | المكنات |
| 650 17 - SUBJECT ADDED ENTRY--TOPICAL TERM | |
| Topical term or geographic name as entry element | المغنطيسية |
| 650 17 - SUBJECT ADDED ENTRY--TOPICAL TERM | |
| Topical term or geographic name as entry element | الإنعكاس |
| 650 17 - SUBJECT ADDED ENTRY--TOPICAL TERM | |
| Topical term or geographic name as entry element | الانكسار |
| 650 17 - SUBJECT ADDED ENTRY--TOPICAL TERM | |
| Topical term or geographic name as entry element | الذرات |
| 650 17 - SUBJECT ADDED ENTRY--TOPICAL TERM | |
| Topical term or geographic name as entry element | الفيزياء النووية |
| 653 ## - INDEX TERM--UNCONTROLLED | |
| Uncontrolled term | ناشئون صغار (10-14 سنة) |
| 700 1# - ADDED ENTRY--PERSONAL NAME | |
| Personal name | خير الله، يوسف سليمان |
| 942 ## - ADDED ENTRY ELEMENTS (KOHA) | |
| Source of classification or shelving scheme | Dewey Decimal Classification |
| Koha item type | مراجع |
| حالة السحب | حالة الفقدان | مصدر التصنيف | حالة التلف | غير قابل للإعارة | المكتبة الرئيسية | المكتبة الحالية | موقع الرف | تاريخ التزويد | الرقم المتسلسل | Total Checkouts | رقم الإستدعاء | الباركود | تاريخ آخر ظهور | تاريخ الفاتورة | نوع المادة (كوها) |
|---|---|---|---|---|---|---|---|---|---|---|---|---|---|---|---|
| Dewey Decimal Classification | مكتبة قتيبة للأطفال | مكتبة قتيبة للأطفال | الأطفال | 28/02/2018 | 1667451 | م/ط/530/خطي | PLD00418152 | 28/07/2025 | 28/02/2018 | مراجع | |||||
| Dewey Decimal Classification | مكتبة أم المؤمنين للأطفال | مكتبة أم المؤمنين للأطفال | الأطفال | 28/07/2025 | 418055 | م/ط/530/خطي | 418055 | 28/07/2025 | 28/07/2025 | مراجع | |||||
| Dewey Decimal Classification | مكتبة الأميرة سلمى | مكتبة الأميرة سلمى | الأطفال | 28/07/2025 | 565798 | م/ط/530/خطي | 565798 | 28/07/2025 | 28/07/2025 | مراجع | |||||
| Dewey Decimal Classification | مكتبة الأميرة سلمى | مكتبة الأميرة سلمى | الأطفال | 28/07/2025 | 568405 | م/ط/530/خطي | 568405 | 28/07/2025 | 28/07/2025 | مراجع | |||||
| Dewey Decimal Classification | Not For Loan | مكتبة البراعم الواعدة | مكتبة البراعم الواعدة | مراجع | 09/09/2015 | 1601020 | م/ط/530/خطي | PLD00345701 | 28/07/2025 | 09/09/2015 | مراجع | ||||
| Dewey Decimal Classification | Not For Loan | مكتبة الياسمين للأطفال | مكتبة الياسمين للأطفال | الأطفال | 25/03/2014 | 556976 | م/ط/530/خطي | PLD00296470 | 28/07/2025 | 25/03/2014 | مراجع | ||||
| Dewey Decimal Classification | Not For Loan | مكتبة الياسمين للأطفال | مكتبة الياسمين للأطفال | الأطفال | 25/03/2014 | 557804 | م/ط/530/خطي | PLD00296469 | 28/07/2025 | 25/03/2014 | مراجع | ||||
| Dewey Decimal Classification | Not For Loan | مكتبة بدر الجديدة للأطفال | مكتبة بدر الجديدة للأطفال | الأطفال | 10/10/2015 | 400416 | م/ط/530/خطي | PLD00354044 | 28/07/2025 | 10/10/2015 | مراجع |